[Event "BL 1415 Schwäbisch Hall - Hamburger SK"]
[Site "?"]
[Date "2014.11.09"]
[Round "4.7"]
[White "Heinemann, Thies"]
[Black "Raykhman, Alexander"]
[Result "0-1"]
[WhiteElo "2473"]
[BlackElo "2414"]
[PlyCount "98"]
[EventDate "2014.??.??"]

1. e4 c5 2. Nf3 d6 3. Bb5+ Bd7 4. Bxd7+ Qxd7 5. O-O Nf6 6. Qe2 Nc6 7. Rd1 Rc8
8. h3 g6 9. c3 Bg7 10. d4 cxd4 11. cxd4 d5 12. e5 Ne4 13. Be3 O-O 14. Nbd2 f6
15. exf6 exf6 16. Nb3 b6 17. a4 Nd6 18. a5 Rfe8 19. axb6 axb6 20. Nfd2 Nb4 21.
Qf3 Nc4 22. Nxc4 dxc4 23. Nd2 f5 24. Nb1 Nd3 25. Nc3 f4 26. Rxd3 cxd3 27. Qxf4
b5 28. d5 Rc4 29. Qf3 Rf8 30. Qg3 Bxc3 31. bxc3 Qxd5 32. Bh6 Re8 33. Bd2 Rce4
34. Be3 Qe5 35. Qf3 Rf8 36. Qd1 Qd5 37. Qd2 Rc8 38. Rd1 Rec4 39. Qa2 R4c5 40.
Qa1 Rxc3 41. Bd2 b4 42. Qa6 R3c6 43. Qb7 b3 44. Re1 Rc5 45. Qb6 Rc2 46. Re7 b2
47. Bh6 b1=Q+ 48. Qxb1 d2 49. Bxd2 Rxd2 0-1

[Event "BL 1415 Schwäbisch Hall - Hamburger SK"]
[Site "?"]
[Date "2014.11.09"]
[Round "4.8"]
[White "Pogan, Nikolas"]
[Black "Carlstedt, Jonathan"]
[Result "0-1"]
[WhiteElo "2301"]
[BlackElo "2440"]
[PlyCount "68"]
[EventDate "2014.??.??"]

1. Nf3 Nf6 2. d4 e6 3. Nbd2 c5 4. e3 b6 5. Bd3 Bb7 6. c3 Nc6 7. O-O Be7 8. Ne5
Qc7 9. f4 cxd4 10. exd4 d6 11. Nxc6 Bxc6 12. Qe2 O-O 13. Nf3 Rae8 14. Bd2 h6
15. Rae1 Qb7 16. Bc1 b5 17. Bb1 b4 18. c4 d5 19. Ne5 dxc4 20. g4 Nd7 21. g5
Nxe5 22. fxe5 Qd7 23. Qg4 Qd5 24. Re4 Bxg5 25. Bxg5 hxg5 26. Qxg5 f5 27. Rh4
Rf7 28. Kf2 c3 29. bxc3 bxc3 30. Ke3 Qg2 31. Qxg2 Bxg2 32. Rf2 Bd5 33. Kf4 Rb7
34. Bd3 Rb2 0-1

[Event "BL 1415 SF Katernberg - USV TU Dresden"]
[Site "?"]
[Date "2014.11.09"]
[Round "4.3"]
[White "Bartel, Mateusz"]
[Black "Firman, Nazar"]
[Result "1-0"]
[WhiteElo "2652"]
[BlackElo "2458"]
[PlyCount "59"]
[EventDate "2014.??.??"]

1. d4 Nf6 2. c4 e6 3. Nf3 Bb4+ 4. Nbd2 b6 5. a3 Bxd2+ 6. Qxd2 a5 7. b3 Bb7 8.
Bb2 d6 9. e3 Nbd7 10. Be2 O-O 11. O-O Qe7 12. b4 axb4 13. axb4 c5 14. Qc3 Ne4
15. Qb3 Ndf6 16. Rad1 Rfc8 17. dxc5 bxc5 18. b5 h6 19. Bd3 Rd8 20. Qc2 d5 21.
Ne5 Qc7 22. cxd5 Rxd5 23. Nc6 Bxc6 24. bxc6 Rh5 25. f4 Qxc6 26. Be5 c4 27. Be2
Qc5 28. Bxh5 Qxe3+ 29. Kh1 Nxh5 30. Rf3 1-0

[Event "BL 1415 SF Katernberg - USV TU Dresden"]
[Site "?"]
[Date "2014.11.09"]
[Round "4.4"]
[White "Siebrecht, Sebastian"]
[Black "Socko, Bartosz"]
[Result "0-1"]
[WhiteElo "2463"]
[BlackElo "2611"]
[PlyCount "106"]
[EventDate "2014.??.??"]

1. d4 Nf6 2. c4 e6 3. Nf3 d5 4. Nc3 Bb4 5. Bg5 h6 6. Bxf6 Qxf6 7. Qa4+ Nc6 8.
Ne5 O-O 9. Nxc6 Bxc3+ 10. bxc3 Bd7 11. cxd5 exd5 12. e3 Bxc6 13. Bb5 Bxb5 14.
Qxb5 Qd6 15. O-O a6 16. Qb4 Qc6 17. a4 a5 18. Qb3 Ra6 19. Rfc1 Rb6 20. Qa2 Rd8
21. c4 dxc4 22. Qxc4 Qxc4 23. Rxc4 c6 24. Kf1 Ra8 25. Rc5 Kf8 26. Ra2 Ke7 27.
Ke2 Kd6 28. e4 Rb3 29. Rf5 f6 30. Rc5 b6 31. Rc1 Re8 32. f3 f5 33. Rac2 fxe4
34. Rxc6+ Kd5 35. f4 e3 36. Rg6 Rb2+ 37. Kf3 Rf2+ 38. Kg3 Ke4 39. Rxb6 Rxf4 40.
d5 Rf6 41. d6 Rg6+ 42. Kh3 Rd8 43. Rc4+ Kd3 44. Rc1 e2 45. Rb2 Rdxd6 46. Re1
Rde6 47. g3 Rgf6 48. Kg2 g5 49. Kg1 h5 50. Kg2 Re4 51. Kg1 h4 52. Kg2 hxg3 53.
Kxg3 Rf1 0-1

[Event "BL 1415 SF Katernberg - USV TU Dresden"]
[Site "?"]
[Date "2014.11.09"]
[Round "4.5"]
[White "Dziuba, Marcin"]
[Black "Ris, Robert"]
[Result "0-1"]
[WhiteElo "2567"]
[BlackElo "2427"]
[PlyCount "92"]
[EventDate "2014.??.??"]

1. d4 Nf6 2. c4 e6 3. g3 d5 4. Nf3 Bb4+ 5. Bd2 Bd6 6. Bg2 c6 7. b3 Nbd7 8. Nc3
O-O 9. O-O e5 10. dxe5 Nxe5 11. cxd5 cxd5 12. Bg5 Nxf3+ 13. Bxf3 Bh3 14. Bxf6
Qxf6 15. Nxd5 Qe6 16. Re1 Rad8 17. Qd2 b6 18. Red1 Be5 19. Rac1 Rd6 20. Qg5 h6
21. Qh4 g5 22. Qc4 Rfd8 23. e4 Qd7 24. Ne3 Bd4 25. Nd5 Be5 26. Re1 Be6 27. Qe2
Bxd5 28. exd5 Bf6 29. Rc6 Kg7 30. Qc2 a5 31. Kg2 g4 32. Be4 Qe7 33. Re2 Qe5 34.
a4 h5 35. h4 Re8 36. Kf1 Red8 37. Bg2 Qd4 38. Qf5 Rxc6 39. dxc6 Qa1+ 40. Re1
Rd1 41. Kg1 Rxe1+ 42. Kh2 Qe5 43. Qc2 Bd8 44. Qd2 Bc7 45. Qd7 Re2 46. Kg1 Qc5
0-1

[Event "BL 1415 SF Katernberg - USV TU Dresden"]
[Site "?"]
[Date "2014.11.09"]
[Round "4.6"]
[White "Scholz, Christian Dr"]
[Black "Maiwald, Jens-Uwe"]
[Result "1/2-1/2"]
[WhiteElo "2344"]
[BlackElo "2471"]
[PlyCount "77"]
[EventDate "2014.??.??"]

1. d4 d6 2. Nf3 g6 3. c4 Bg7 4. Nc3 c5 5. dxc5 Bxc3+ 6. bxc3 dxc5 7. Qxd8+ Kxd8
8. Ne5 Ke8 9. g3 f6 10. Nd3 Nd7 11. Bg2 Rb8 12. Rb1 b6 13. Bd5 e5 14. f4 Ne7
15. fxe5 Nxd5 16. cxd5 Nxe5 17. Nxe5 fxe5 18. Bh6 Bf5 19. Rd1 Rb7 20. O-O Rf7
21. Rf3 Bc2 22. Rxf7 Kxf7 23. Rf1+ Ke7 24. Bg5+ Ke8 25. Rf6 Bf5 26. e4 Bxe4 27.
Rd6 Rf8 28. Rd8+ Kf7 29. Rd7+ Kg8 30. Bh6 Ra8 31. d6 Bf5 32. Rg7+ Kh8 33. Re7
Rd8 34. Bg7+ Kg8 35. Bxe5 Rd7 36. Re8+ Kf7 37. Ra8 Ke6 38. Bf4 Kd5 39. Re8
1/2-1/2

[Event "BL 1415 SF Katernberg - USV TU Dresden"]
[Site "?"]
[Date "2014.11.09"]
[Round "4.7"]
[White "Loxine, Jakov"]
[Black "Hoolt, Sarah"]
[Result "1-0"]
[WhiteElo "2403"]
[BlackElo "2332"]
[PlyCount "89"]
[EventDate "2014.??.??"]

1. Nf3 d5 2. e3 c5 3. b3 Nf6 4. Bb2 Nc6 5. Bb5 Bg4 6. h3 Bh5 7. g4 Bg6 8. Ne5
Qd6 9. Bxc6+ bxc6 10. d3 Nd7 11. Nxd7 Qxd7 12. f4 f6 13. Nd2 h5 14. f5 Bf7 15.
Qf3 hxg4 16. hxg4 Rxh1+ 17. Qxh1 O-O-O 18. O-O-O e5 19. c4 g6 20. e4 gxf5 21.
gxf5 Kb7 22. Kc2 Kb6 23. Nb1 Qe8 24. Nc3 Bh5 25. Rd2 dxc4 26. bxc4 Bg4 27. Rh2
Rd7 28. Rh8 Rg7 29. Na4+ Ka5 30. Bc3+ Kxa4 31. Qb1 Bd1+ 32. Qxd1 Qb8 33. Rxf8
Qb7 34. Kd2+ Ka3 35. Qc1+ Ka4 36. Qc2+ Ka3 37. Qb3+ Qxb3 38. axb3 Rg2+ 39. Ke3
Kxb3 40. Be1 Kc2 41. Rxf6 a5 42. Bxa5 Rg3+ 43. Ke2 Rxd3 44. Re6 Ra3 45. f6 1-0

[Event "BL 1415 SF Katernberg - USV TU Dresden"]
[Site "?"]
[Date "2014.11.09"]
[Round "4.8"]
[White "Rosen, Bernd"]
[Black "Hoffmann, Paul"]
[Result "1/2-1/2"]
[WhiteElo "2351"]
[BlackElo "2355"]
[PlyCount "100"]
[EventDate "2014.??.??"]

1. Nf3 Nf6 2. c4 c5 3. g3 Nc6 4. Bg2 g6 5. O-O Bg7 6. d4 cxd4 7. Nxd4 O-O 8.
Nc3 Ng4 9. e3 Nge5 10. b3 d6 11. h3 Rb8 12. Bb2 a6 13. Nd5 Bd7 14. f4 Nxd4 15.
Bxd4 Nc6 16. Bxg7 Kxg7 17. Qd2 f6 18. Rfd1 Be6 19. Rac1 Qd7 20. Kh2 Bxd5 21.
cxd5 Na7 22. h4 Kg8 23. Bh3 f5 24. e4 Rbc8 25. exf5 gxf5 26. Qe3 Nb5 27. a4
Rxc1 28. Rxc1 Nc7 29. Bg2 Rd8 30. Bf3 Ne8 31. Kh3 Kf8 32. g4 Rc8 33. g5 Rxc1
34. Qxc1 e5 35. dxe6 Qxe6 36. Qc3 b6 37. b4 Ng7 38. a5 bxa5 39. bxa5 Ne8 40.
Bb7 Qe2 41. Qh8+ Ke7 42. Qxh7+ Kd8 43. Qxf5 Qe3+ 44. Kh2 Qf2+ 45. Kh1 Qf1+ 46.
Kh2 Qf2+ 47. Kh3 Qe3+ 48. Kg2 Qe2+ 49. Kg3 Qe1+ 50. Kg4 Qg1+ 1/2-1/2

[Event "BL 1415 Hansa Dortmund - Schachfr. Berl"]
[Site "?"]
[Date "2014.11.09"]
[Round "4.1"]
[White "Melkumyan, Hrant"]
[Black "Donchenko, Alexander"]
[Result "1-0"]
[WhiteElo "2678"]
[BlackElo "2501"]
[PlyCount "79"]
[EventDate "2014.??.??"]

1. c4 Nf6 2. d4 e6 3. Nc3 Bb4 4. Bg5 c5 5. d5 exd5 6. cxd5 d6 7. e3 Nbd7 8. Bd3
Qa5 9. Nge2 Nxd5 10. O-O Bxc3 11. bxc3 c4 12. Bc2 Nxc3 13. Nxc3 Qxc3 14. Qxd6
Qe5 15. Bf4 Qxd6 16. Bxd6 Nf6 17. e4 Bd7 18. Rfd1 Bc6 19. Rd4 b5 20. a4 a6 21.
e5 Nd7 22. Rad1 Nf8 23. axb5 axb5 24. Bb4 Ne6 25. Rd6 Rc8 26. Bf5 O-O 27. Rxe6
fxe6 28. Bxe6+ Kh8 29. Bxc8 Rxc8 30. e6 Be8 31. f4 Kg8 32. Bc3 Rb8 33. Ra1 b4
34. Be5 Rb6 35. f5 Bc6 36. Rd1 Kf8 37. Rd7 Rb7 38. Bxg7+ Ke8 39. Rxb7 Bxb7 40.
f6 1-0

[Event "BL 1415 Hansa Dortmund - Schachfr. Berl"]
[Site "?"]
[Date "2014.11.09"]
[Round "4.2"]
[White "Anton Guijarro, David"]
[Black "Vocaturo, Daniele"]
[Result "1/2-1/2"]
[WhiteElo "2607"]
[BlackElo "2590"]
[PlyCount "134"]
[EventDate "2014.??.??"]

1. d4 Nf6 2. Nf3 g6 3. c4 Bg7 4. g3 O-O 5. Bg2 d6 6. O-O Bf5 7. b3 Qc8 8. Bb2
Bh3 9. Nbd2 Bxg2 10. Kxg2 e5 11. dxe5 Nfd7 12. Qc2 Nxe5 13. Nxe5 dxe5 14. Rad1
Qe6 15. Ne4 Na6 16. Ba3 Rfe8 17. Rd2 f5 18. Nc3 Bh6 19. e3 Bf8 20. Bxf8 Rxf8
21. Rfd1 Rf7 22. f3 Raf8 23. Rd8 Nb4 24. Qe2 e4 25. fxe4 fxe4 26. R1d4 Rxd8 27.
Rxd8+ Kg7 28. Rd4 Qe5 29. c5 Nd3 30. Nxe4 Nxc5 31. Nxc5 Qxc5 32. Rf4 Re7 33.
Qb2+ Qe5 34. Qxe5+ Rxe5 35. Kf3 c5 36. e4 b5 37. Ke3 h5 38. Rf2 g5 39. h3 Kg6
40. Rf8 Re6 41. Rc8 Ra6 42. g4 c4 43. bxc4 bxc4 44. Rxc4 Rxa2 45. Rc6+ Kf7 46.
gxh5 Ra3+ 47. Kd4 Rxh3 48. Rc7+ Kg8 49. e5 g4 50. e6 Kf8 51. Ke5 Re3+ 52. Kd5
Rd3+ 53. Ke5 Re3+ 54. Kf5 g3 55. h6 g2 56. Rf7+ Ke8 57. Rg7 Rh3 58. Ke5 Re3+
59. Kd5 Rd3+ 60. Ke5 Re3+ 61. Kd5 Rd3+ 62. Ke4 Rh3 63. Rxg2 Rxh6 64. Ke5 Rh1
65. Rd2 Ke7 66. Rd7+ Ke8 67. Rxa7 Re1+ 1/2-1/2

[Event "BL 1415 Hansa Dortmund - Schachfr. Berl"]
[Site "?"]
[Date "2014.11.09"]
[Round "4.3"]
[White "Mista, Aleksander"]
[Black "Markus, Robert"]
[Result "0-1"]
[WhiteElo "2616"]
[BlackElo "2604"]
[PlyCount "92"]
[EventDate "2014.??.??"]

1. e4 d6 2. d4 Nf6 3. Nc3 e5 4. Nf3 Nbd7 5. Bc4 Be7 6. O-O Nb6 7. Be2 exd4 8.
Qxd4 O-O 9. Bg5 Be6 10. Rad1 Nfd7 11. Bxe7 Qxe7 12. b3 Bg4 13. h3 Bxf3 14. Bxf3
Qg5 15. g3 Rfe8 16. Bg2 Qc5 17. Qd2 c6 18. Rfe1 Re6 19. Ne2 g6 20. a4 a5 21.
Nf4 Ree8 22. h4 Ne5 23. Qxd6 Qxc2 24. Qd4 Rad8 25. Nd5 Nxd5 26. exd5 cxd5 27.
h5 gxh5 28. Re3 Ng4 29. Rxe8+ Rxe8 30. Bxd5 Nxf2 31. Bxf7+ Kxf7 32. Qxf2+ Qxf2+
33. Kxf2 Ke6 34. Kg2 Rg8 35. Rh1 Rg5 36. Rh4 b5 37. axb5 Rxb5 38. Re4+ Kd5 39.
Re7 Kd4 40. Rxh7 Kc3 41. Rf7 Rxb3 42. Kh3 a4 43. Rf3+ Kb4 44. Rf4+ Ka5 45. Rf5+
Rb5 46. Rf3 Rc5 0-1

[Event "BL 1415 Hansa Dortmund - Schachfr. Berl"]
[Site "?"]
[Date "2014.11.09"]
[Round "4.4"]
[White "Heberla, Bartlomiej"]
[Black "Kraemer, Martin"]
[Result "0-1"]
[WhiteElo "2567"]
[BlackElo "2570"]
[PlyCount "94"]
[EventDate "2014.??.??"]

1. e4 e5 2. Nf3 Nc6 3. Bb5 a6 4. Bxc6 dxc6 5. O-O Bg4 6. h3 h5 7. d3 Qf6 8.
Nbd2 Ne7 9. Nc4 Bxf3 10. Qxf3 Qxf3 11. gxf3 Ng6 12. Be3 Bd6 13. Rfd1 Nh4 14. f4
exf4 15. Nxd6+ cxd6 16. Bxf4 Kd7 17. Kh1 Raf8 18. Rg1 Rh7 19. Rg3 f6 20. Rag1
g5 21. Bc1 g4 22. Re3 f5 23. exf5 Nf3 24. Rf1 Rxf5 25. hxg4 hxg4+ 26. Kg2 Rh3
27. c3 Rfh5 28. Re4 Nh4+ 29. Kg1 Nf3+ 30. Kg2 Nh4+ 31. Kg1 Nf5 32. Bf4 Rxd3 33.
Rfe1 c5 34. Kf1 Rf3 35. Kg1 d5 36. Rd1 Nd6 37. Re5 Rxe5 38. Bxe5 Nc4 39. Bh8
Kc6 40. b3 Nd6 41. Re1 Ne4 42. c4 Nxf2 43. Re6+ Kd7 44. Rg6 d4 45. Kg2 Rf7 46.
Be5 Ne4 47. Rxg4 d3 0-1

[Event "BL 1415 Hansa Dortmund - Schachfr. Berl"]
[Site "?"]
[Date "2014.11.09"]
[Round "4.5"]
[White "Piorun, Kacper"]
[Black "Hera, Imre Jr"]
[Result "1/2-1/2"]
[WhiteElo "2532"]
[BlackElo "2576"]
[PlyCount "107"]
[EventDate "2014.??.??"]

1. d4 d5 2. c4 c6 3. e3 Bf5 4. Nc3 Nf6 5. cxd5 cxd5 6. Qb3 Bc8 7. Nf3 Nc6 8.
Ne5 e6 9. f4 Be7 10. Bd3 O-O 11. O-O Nd7 12. Bd2 Ndxe5 13. fxe5 f6 14. exf6
Rxf6 15. Ne2 Bd7 16. Rxf6 Bxf6 17. Nf4 Qe7 18. Rf1 Be8 19. Qd1 Bf7 20. Qf3 Rd8
21. Bc3 e5 22. Nh5 Bxh5 23. Qxh5 g6 24. Qg4 Bg5 25. Re1 e4 26. Bc2 Rf8 27. Bb3
Rf5 28. Qe2 Qf7 29. Bd2 Kg7 30. a4 a6 31. Rf1 Ne7 32. g4 Rxf1+ 33. Qxf1 Qe6 34.
Bd1 Nc6 35. Qf2 Be7 36. Qe1 Bd6 37. b4 Nd8 38. h4 Nf7 39. Kg2 Bc7 40. Qf2 Nd6
41. a5 Nc4 42. Be1 h6 43. Qe2 Qc6 44. Bb3 Bd6 45. h5 Be7 46. hxg6 Kxg6 47. Qf2
Qe6 48. Qg3 Nb2 49. Qh3 Bg5 50. Bc3 Nd3 51. Qg3 Be7 52. Qh3 Bg5 53. Qg3 Be7 54.
Qh3 1/2-1/2

[Event "BL 1415 Hansa Dortmund - Schachfr. Berl"]
[Site "?"]
[Date "2014.11.09"]
[Round "4.6"]
[White "Berg, Emanuel"]
[Black "Schneider, Ilja"]
[Result "1/2-1/2"]
[WhiteElo "2555"]
[BlackElo "2488"]
[PlyCount "51"]
[EventDate "2014.??.??"]

1. e4 e5 2. Nf3 d6 3. d4 exd4 4. Nxd4 Nf6 5. Nc3 Be7 6. Bf4 O-O 7. Be2 c6 8.
Qd3 Re8 9. Qg3 Bf8 10. Bg5 h6 11. h4 Qe7 12. Qf4 Nbd7 13. Nf5 Qe5 14. Qxe5 dxe5
15. Bd2 Nc5 16. Ng3 b5 17. f3 a5 18. Nd1 Be6 19. Ne3 Red8 20. h5 Na4 21. b3
Rxd2 22. Kxd2 Bb4+ 23. Kc1 Ba3+ 24. Kd2 Bb4+ 25. Kc1 Ba3+ 26. Kd2 1/2-1/2

[Event "BL 1415 Hansa Dortmund - Schachfr. Berl"]
[Site "?"]
[Date "2014.11.09"]
[Round "4.7"]
[White "Lauber, Arnd"]
[Black "Korpa, Bence"]
[Result "0-1"]
[WhiteElo "2441"]
[BlackElo "2426"]
[PlyCount "122"]
[EventDate "2014.??.??"]

1. d4 d5 2. c4 c6 3. Nc3 Nf6 4. e3 Bf5 5. cxd5 cxd5 6. Qb3 Bc8 7. Nf3 Nc6 8.
Bd3 e6 9. O-O Be7 10. Ne5 O-O 11. Bd2 Bd7 12. Rac1 Rc8 13. f3 Na5 14. Qd1 Nc4
15. Bxc4 dxc4 16. b3 cxb3 17. Qxb3 Bc6 18. Rfd1 Bd6 19. Nxc6 bxc6 20. e4 e5 21.
Be3 Qe7 22. Qa4 Rfd8 23. dxe5 Qxe5 24. f4 Qe7 25. h3 Bc5 26. Bxc5 Qxc5+ 27. Kh1
Qe3 28. Rxd8+ Rxd8 29. Rd1 Rxd1+ 30. Qxd1 g6 31. Qf3 Qxf3 32. gxf3 Nh5 33. Ne2
Kf8 34. Kg2 Ke7 35. Kf2 Kd6 36. Ke3 Kc5 37. Nd4 Ng7 38. Kd3 Ne6 39. Ne2 Kb4 40.
f5 gxf5 41. exf5 Nc5+ 42. Kd4 Nd7 43. f4 f6 44. Nc1 Kb5 45. Nd3 Kb6 46. Nf2 Kb5
47. Nd3 a5 48. Ne5 Nb6 49. Ng4 Nd7 50. Ne5 Nb6 51. Ng4 Nd5 52. Ke4 Kb4 53. Ne5
Kb5 54. Nd7 a4 55. Kd4 a3 56. h4 h5 57. Kd3 c5 58. Kc2 c4 59. Nf8 Nb4+ 60. Kb1
c3 61. Nd7 Kc4 0-1

[Event "BL 1415 Hansa Dortmund - Schachfr. Berl"]
[Site "?"]
[Date "2014.11.09"]
[Round "4.8"]
[White "Tari, Aryan"]
[Black "Moreno Tejera, Emilio"]
[Result "1/2-1/2"]
[WhiteElo "2450"]
[BlackElo "2441"]
[PlyCount "116"]
[EventDate "2014.??.??"]

1. e4 e5 2. Nf3 Nc6 3. d4 exd4 4. Nxd4 Nf6 5. Nxc6 bxc6 6. e5 Qe7 7. Qe2 Nd5 8.
c4 Ba6 9. Nd2 g6 10. Nf3 Qb4+ 11. Kd1 Nb6 12. b3 Bg7 13. Qd2 Qxd2+ 14. Kxd2 d6
15. Bb2 Nd7 16. Re1 O-O-O 17. Kc2 dxe5 18. Nxe5 Nxe5 19. Bxe5 Rhe8 20. f4 Bxe5
21. fxe5 f6 22. e6 c5 23. Bd3 Rd6 24. e7 Kd7 25. h4 Rxe7 26. Rxe7+ Kxe7 27. h5
f5 28. hxg6 hxg6 29. Rh7+ Kd8 30. Rh8+ Kd7 31. Rh7+ Kd8 32. Rh8+ Kd7 33. Rh7+
Kc6 34. Be2 Bb7 35. b4 Kb6 36. bxc5+ Kxc5 37. g3 Kb6 38. c5+ Kxc5 39. Rxc7+ Kb6
40. Rg7 Bd5 41. a3 Bc6 42. Bc4 Kc5 43. Kc3 Rd4 44. Be2 Ra4 45. Rxg6 Rxa3+ 46.
Kd2 Be4 47. Ra6 Rxg3 48. Rxa7 f4 49. Rf7 f3 50. Bd3 Bd5 51. Rf4 Kd6 52. Ke3 Ke5
53. Rf5+ Ke6 54. Rf4 Rg5 55. Be4 Re5 56. Kxf3 Rxe4 57. Rxe4+ Kf5 58. Kf2 Bxe4
1/2-1/2

[Event "BL 1415 SV Hockenheim - SC Eppingen"]
[Site "?"]
[Date "2014.11.09"]
[Round "4.3"]
[White "Acs, Peter"]
[Black "Saric, Ivan"]
[Result "0-1"]
[WhiteElo "2594"]
[BlackElo "2678"]
[PlyCount "128"]
[EventDate "2014.??.??"]

1. e4 e5 2. Nf3 Nc6 3. Bb5 a6 4. Ba4 Nf6 5. O-O Be7 6. Re1 b5 7. Bb3 d6 8. c3
O-O 9. h3 Re8 10. d4 Bb7 11. Ng5 Rf8 12. Nf3 Re8 13. Nbd2 Bf8 14. a3 h6 15. Ba2
Nb8 16. Qb3 Qd7 17. Qc2 a5 18. d5 c6 19. dxc6 Qxc6 20. a4 bxa4 21. Bb1 Nbd7 22.
Rxa4 Nc5 23. Ra3 a4 24. c4 Be7 25. b4 axb3 26. Nxb3 Rxa3 27. Bxa3 Ncxe4 28. Na5
Qc7 29. Nxb7 Qxb7 30. Qc1 Bd8 31. Qe3 d5 32. Bxe4 dxe4 33. Nd2 Ba5 34. Re2 Bxd2
35. Rxd2 Qa6 36. c5 Rb8 37. Kh2 Qc4 38. Rb2 Rd8 39. Qb3 Qxb3 40. Rxb3 Rc8 41.
Re3 h5 42. f3 exf3 43. gxf3 Nd7 44. Rd3 Nb8 45. Kg3 Nc6 46. Rd5 f6 47. f4 Ra8
48. Bc1 Ra1 49. Be3 Ra3 50. Kf2 exf4 51. Bxf4 Rxh3 52. Rd6 Ne5 53. Bxe5 fxe5
54. Re6 Kf7 55. Rxe5 Kf6 56. Rd5 g5 57. Ke2 h4 58. Kd2 Rh2+ 59. Kc3 Rh1 60. Kd2
h3 61. Rd6+ Ke7 62. Rh6 h2 63. Rh7+ Kd8 64. Ke2 Rb1 0-1

[Event "BL 1415 SV Hockenheim - SC Eppingen"]
[Site "?"]
[Date "2014.11.09"]
[Round "4.4"]
[White "Baramidze, David"]
[Black "Breder, Dennis"]
[Result "1/2-1/2"]
[WhiteElo "2605"]
[BlackElo "2488"]
[PlyCount "56"]
[EventDate "2014.??.??"]

1. d4 d5 2. c4 e6 3. Nf3 c6 4. Qc2 dxc4 5. Qxc4 Nf6 6. Bg5 b5 7. Qc2 Bb7 8.
Nbd2 Nbd7 9. Nb3 Qb6 10. Rc1 Rc8 11. Nc5 Nxc5 12. dxc5 Qa5+ 13. Nd2 Rd8 14. Qc3
Qxc3 15. Rxc3 Rd5 16. Bxf6 gxf6 17. Nb3 f5 18. g3 Bg7 19. Rc2 Kd8 20. Bg2 Rd7
21. Na5 Kc7 22. e3 Rhd8 23. Ke2 b4 24. Nxb7 Kxb7 25. Rb1 a5 26. Ke1 Kc7 27. Bf3
Rb8 28. Rc4 Rbd8 1/2-1/2

[Event "BL 1415 SV Hockenheim - SC Eppingen"]
[Site "?"]
[Date "2014.11.09"]
[Round "4.5"]
[White "Mons, Leon"]
[Black "Buhmann, Rainer"]
[Result "1-0"]
[WhiteElo "2442"]
[BlackElo "2597"]
[PlyCount "69"]
[EventDate "2014.??.??"]

1. e4 e6 2. d4 d5 3. Nd2 Be7 4. e5 c5 5. c3 Nc6 6. Bd3 Bd7 7. Ne2 cxd4 8. cxd4
Nb4 9. Bb1 Bb5 10. O-O Qb6 11. Nf3 Qa6 12. Re1 Nd3 13. Bxd3 Bxd3 14. Nc3 Bb4
15. Bd2 Bxc3 16. Bxc3 Ne7 17. Bb4 Rc8 18. Rc1 Kd7 19. Qd2 Bg6 20. Bc5 h6 21.
Re3 Nc6 22. Rec3 Rhe8 23. Bd6 Qb6 24. Rc5 Bh5 25. b4 Bxf3 26. gxf3 Qd8 27. b5
Ne7 28. Qc3 Nf5 29. Rc7+ Rxc7 30. Qxc7+ Qxc7 31. Rxc7+ Kd8 32. Rxb7 Nxd4 33. a4
f6 34. Rxa7 Nxf3+ 35. Kg2 1-0

[Event "BL 1415 SV Hockenheim - SC Eppingen"]
[Site "?"]
[Date "2014.11.09"]
[Round "4.6"]
[White "Wagner, Dennis"]
[Black "Medvegy, Zoltan"]
[Result "0-1"]
[WhiteElo "2490"]
[BlackElo "2510"]
[PlyCount "102"]
[EventDate "2014.??.??"]

1. d4 Nf6 2. c4 e6 3. Nf3 b6 4. g3 Bb4+ 5. Bd2 Bxd2+ 6. Qxd2 Bb7 7. Bg2 O-O 8.
O-O d6 9. Qf4 c5 10. Rd1 Qe7 11. Nc3 Rd8 12. d5 e5 13. Qd2 Bc8 14. Ne1 e4 15.
Nc2 Re8 16. Ne3 Bd7 17. a3 Na6 18. Rab1 Qe5 19. b4 h5 20. Nf1 Bf5 21. Rb3 Ng4
22. Nb5 Bd7 23. Ne3 f5 24. Nxg4 hxg4 25. h3 gxh3 26. Bxh3 Kf7 27. Qg5 Rh8 28.
g4 Bxb5 29. cxb5 c4 30. f4 Qf6 31. Qxf6+ gxf6 32. Rc3 Nc7 33. Bg2 Nxb5 34. Rxc4
Nxa3 35. Rc7+ Kg6 36. Re7 Rhe8 37. gxf5+ Kxf5 38. Bxe4+ Kxf4 39. Rf1+ Ke3 40.
Rf3+ Kxe2 41. Re6 Rg8+ 42. Kh2 Nc4 43. Rfxf6 Rg5 44. Bg2+ Ne5 45. Kg1 Rag8 46.
Rf2+ Kd3 47. Kf1 Rc8 48. Ra2 Kd4 49. Rd2+ Kc3 50. Rd1 Rf8+ 51. Kg1 Rfg8 0-1

[Event "BL 1415 SV Hockenheim - SC Eppingen"]
[Site "?"]
[Date "2014.11.09"]
[Round "4.7"]
[White "Guliyev, Namig"]
[Black "Banusz, Tamas"]
[Result "1/2-1/2"]
[WhiteElo "2556"]
[BlackElo "2595"]
[PlyCount "144"]
[EventDate "2014.??.??"]

1. e4 e5 2. Nf3 Nc6 3. Bb5 a6 4. Ba4 Nf6 5. O-O Be7 6. Re1 b5 7. Bb3 d6 8. c3
O-O 9. h3 Na5 10. Bc2 c5 11. d4 Nd7 12. dxc5 dxc5 13. Nbd2 Bb7 14. Nf1 Nc4 15.
Qe2 Qc7 16. b3 Nd6 17. c4 Rfe8 18. Bb2 f6 19. N3d2 Nf8 20. Ne3 Ne6 21. Nd5 Qc6
22. Qg4 Bd8 23. Bd3 Kh8 24. Nf1 bxc4 25. bxc4 Bc8 26. Bc3 Qa4 27. Qd1 Qd7 28.
Rb1 Bb7 29. Nfe3 Bc6 30. Rb2 Bc7 31. Qd2 Rab8 32. Reb1 Rxb2 33. Qxb2 Rb8 34.
Qd2 Rxb1+ 35. Bxb1 Bd8 36. Bd3 Ng5 37. f3 Ne6 38. Kh2 Nd4 39. Qf2 a5 40. g3 Qe6
41. h4 Bd7 42. Bf1 Bc8 43. Bg2 Ba6 44. Qb2 Qc8 45. Nb6 Bxb6 46. Qxb6 Nxc4 47.
Nxc4 Bxc4 48. Qxa5 h5 49. Bd2 Be2 50. f4 Nf3+ 51. Bxf3 Bxf3 52. fxe5 fxe5 53.
Qc3 Bxe4 54. Qe3 Qf5 55. Bc3 Bd5 56. Kg1 Qc2 57. Kf1 Bg2+ 58. Ke1 Qb1+ 59. Kd2
Be4 60. Bxe5 Qxa2+ 61. Ke1 Qb1+ 62. Kd2 Qc2+ 63. Ke1 Kh7 64. Qg5 Bg6 65. Qe7
Qe4+ 66. Kf2 Qc2+ 67. Ke1 Bf7 68. Qg5 Qe4+ 69. Kf2 Qc2+ 70. Ke1 Bg6 71. Qe7
Qc1+ 72. Ke2 Qc2+ 1/2-1/2

[Event "BL 1415 SV Hockenheim - SC Eppingen"]
[Site "?"]
[Date "2014.11.09"]
[Round "4.8"]
[White "Paehtz, Elisabeth"]
[Black "Noe, Christopher"]
[Result "1/2-1/2"]
[WhiteElo "2477"]
[BlackElo "2332"]
[PlyCount "81"]
[EventDate "2014.??.??"]

1. e4 c5 2. Nf3 e6 3. d4 cxd4 4. Nxd4 a6 5. Bd3 Qc7 6. O-O Nf6 7. Qe2 d6 8. c4
Be7 9. b3 b6 10. Bb2 Bb7 11. Nd2 O-O 12. f4 Nbd7 13. Rae1 e5 14. Nf5 Rfe8 15.
g4 Nc5 16. g5 Nfd7 17. Nxe7+ Rxe7 18. f5 f6 19. Bc2 a5 20. h4 Bc6 21. Nb1 Na6
22. Nc3 a4 23. Rf3 Nb4 24. Bd1 axb3 25. Bxb3 Nc5 26. Rg3 Kh8 27. Kh2 Qd8 28.
Reg1 Rea7 29. R1g2 Nxa2 30. Bxa2 Rxa2 31. Nxa2 Rxa2 32. gxf6 Nxe4 33. Rxg7 Nxf6
34. Bxe5 Bxg2 35. Qxa2 Kxg7 36. Qxg2+ Kf8 37. Bf4 Qd7 38. Bh6+ Ke8 39. Qa8+ Qd8
40. Qc6+ Kf7 41. Bg5 1/2-1/2

[Event "BL 1415 SG Turm Trier - OSG Baden Baden"]
[Site "?"]
[Date "2014.11.09"]
[Round "4.5"]
[White "Movsesian, Sergei"]
[Black "Galyas, Miklos"]
[Result "1/2-1/2"]
[WhiteElo "2657"]
[BlackElo "2421"]
[PlyCount "41"]
[EventDate "2014.??.??"]

1. Nf3 f5 2. d3 Nc6 3. e4 e5 4. Nc3 Nf6 5. exf5 d5 6. d4 exd4 7. Nxd4 Nxd4 8.
Qxd4 Bxf5 9. Bf4 c6 10. O-O-O Be7 11. f3 O-O 12. Kb1 Bd6 13. Ne2 c5 14. Qd2 d4
15. Bxd6 Qxd6 16. Nf4 Kh8 17. Re1 g5 18. Nd3 c4 19. Ne5 b5 20. h4 Rae8 21. hxg5
1/2-1/2

[Event "BL 1415 SG Turm Trier - OSG Baden Baden"]
[Site "?"]
[Date "2014.11.09"]
[Round "4.6"]
[White "Seger, Ruediger"]
[Black "Meier, Georg"]
[Result "0-1"]
[WhiteElo "2372"]
[BlackElo "2647"]
[PlyCount "86"]
[EventDate "2014.??.??"]

1. e4 c5 2. c3 Nf6 3. e5 Nd5 4. d4 cxd4 5. Nf3 Nc6 6. cxd4 d6 7. Bc4 dxe5 8.
dxe5 Ndb4 9. Qxd8+ Nxd8 10. Na3 Be6 11. Bxe6 Nxe6 12. O-O g6 13. Bd2 Nc6 14.
Nc4 Bg7 15. a4 O-O-O 16. Rfc1 Ned4 17. Nxd4 Nxd4 18. Ba5 b6 19. Nxb6+ Kb7 20.
Nc4 Rc8 21. Bd2 Ne2+ 22. Kf1 Nxc1 23. Rxc1 Rhd8 24. Ke2 Bf8 25. f4 e6 26. Be3
Ka6 27. b3 h5 28. g3 Bb4 29. h3 Rd5 30. Rh1 Rcd8 31. Rb1 Kb7 32. Rh1 Kb8 33.
Rb1 R8d7 34. Rc1 Rd3 35. Rb1 R7d5 36. g4 h4 37. f5 gxf5 38. gxf5 exf5 39. Rf1
Rxb3 40. Rxf5 Rc3 41. Rf4 Bc5 42. Bd2 Rxh3 43. Rxf7 Rh2+ 0-1